Mixed Word: Countries of Africa Quiz Stats

Quiz not verified by Sporcle

Also try: Painting or Photo?
Challenge
Share
Tweet
Embed
Score 0/20 Timer 02:00
0 Plays Today
Hint Answer % Correct
PEYGTEgypt
100%
DAHCChad
100%
AGLAERIAlgeria
97.7%
NIUGEAGuinea
97.7%
AIGERINNigeria
95.5%
RAAAASMDGCMadagascar
95.5%
IZBABMWEZimbabwe
95.5%
TOUHS FRICAASouth Africa
95.5%
OGOTTogo
95.5%
AYKNEKenya
93.2%
Hint Answer % Correct
DUNASSudan
93.2%
YABILLibya
93.2%
LIMAMali
93.2%
COCOROMMorocco
93.2%
OMITDERACC BRCIPEUL FO EHT GOONCDemocratic Republic of the Congo
90.9%
OBAC EDREVCabo Verde
90.9%
CARTENL INACFRA IUPELBCRCentral African Republic
90.9%
RAEISR EOLENSierra Leone
86.4%
AIPOIHTEEthiopia
84.1%
GUDANAUganda
84.1%

You're not logged in!

Compare scores with friends on all Sporcle quizzes.
Sign Up with Email
OR
Log In

You Might Also Like...

Show Comments

Extras

Top Quizzes Today


Score Distribution

Your Account Isn't Verified!

In order to create a playlist on Sporcle, you need to verify the email address you used during registration. Go to your Sporcle Settings to finish the process.

Report this User

Report this user for behavior that violates our Community Guidelines.

Details: